An empire of books: (Record no. 54172)
[ view plain ]
| 000 -LEADER | |
|---|---|
| fixed length control field | 01265nam a22002897a 4500 |
| 005 - DATE AND TIME OF LATEST TRANSACTION | |
| control field | 20110721144156.0 |
| 010 ## - LCCN (DPL NO) | |
| LC control number | B-426476-477 |
| 020 ## - INTERNATIONAL STANDARD BOOK NUMBER | |
| International Standard Book Number | 817824196x |
| Terms of availability | 795.00 |
| 020 ## - INTERNATIONAL STANDARD BOOK NUMBER | |
| International Standard Book Number | 9788178241968 |
| Terms of availability | 795.00 |
| 035 ## - SYSTEM CONTROL NUMBER | |
| System control number | B-426476-477 |
| 037 ## - SOURCE OF ACQUISITION | |
| Source of stock number/acquisition | DBAD/PUB |
| 037 ## - SOURCE OF ACQUISITION | |
| Source of stock number/acquisition | RBC/Ven |
| 082 ## - DEWEY DECIMAL CLASSIFICATION NUMBER | |
| Classification number | 070.50954 |
| 100 ## - MAIN ENTRY--PERSONAL NAME | |
| Personal name | Stark,Ulrike |
| 245 ## - TITLE STATEMENT | |
| Title | An empire of books: |
| Remainder of title | the Naval Kishore Press and the diffusion of the printed word in colonial India / |
| Statement of responsibility, etc | by Ulrike Stark |
| 260 ## - PUBLICATION, DISTRIBUTION, ETC. (IMPRINT) | |
| Place of publication, distribution, etc | Ranikhet |
| Name of publisher, distributor, etc | Permanent Black |
| Date of publication, distribution, etc | 2007c |
| 270 ## - ADDRESS | |
| Address | Himalayana Mall Road Ranikhet Cantt |
| City | Ranikhet |
| Postal code | 263645 |
| 300 ## - PHYSICAL DESCRIPTION | |
| Extent | xx,586p |
| Dimensions | 21cm(Hb) |
| 500 ## - GENERAL NOTE | |
| General note | includes index |
| 650 ## - SUBJECT ADDED ENTRY--TOPICAL TERM | |
| Topical term or geographic name as entry element | Hindi Imprints |
| 650 ## - SUBJECT ADDED ENTRY--TOPICAL TERM | |
| Topical term or geographic name as entry element | Naval Kishore press |
| 650 ## - SUBJECT ADDED ENTRY--TOPICAL TERM | |
| Topical term or geographic name as entry element | Publishers and publishing |
| 942 ## - ADDED ENTRY ELEMENTS (KOHA) | |
| Source of classification or shelving scheme | Dewey Decimal Classification |
| Item type | English Books |
| Classification part | 070.50954 |
| Call number suffix | STA |
| Withdrawn status | Lost status | Not for loan | Collection code | Home library | Current library | Date acquired | Source of acquisition | Cost, normal purchase price | Full call number | Barcode | Copy number | Cost, replacement price | Koha item type |
|---|---|---|---|---|---|---|---|---|---|---|---|---|---|
| Non-fiction | Central Library | Central Library | 21/07/2011 | RBC/22422/17.3.11/76/4.3.11/28.3.11 | 795.00 | 070.50954 STA | B-426476 | 1 | 795.00 | English Books | |||
| Not For Loan | Reference | Central Library | Central Library | 21/07/2011 | RBC/22422/17.3.11/76/4.3.11/28.3.11 | 795.00 | 070.50954 STA | B-426477 | 1 | 795.00 | English Books |
